Only Fools And Horses - Statistics

General Stats
  • This quiz has been taken 1,740 times
    1,543 since last reset
  • The average score is 13 of 15
Answer Stats
Hint Answer % Correct
What is the older brother called? Del Boy/Derek
99%
What is the younger brother called? Rodney
99%
What is the surname of the three main characters? Trotter
99%
Where do the three main characters live? Nelson Mandela House, Peckham
98%
What is the colour of their van 'Reliant Regal'? Yellow
97%
What is the Uncle called? Albert
96%
What did the two brothers dress up as for the costume party? Batman and Robin
95%
Who is the 'dopey' friend? Trigger
94%
What is the name of their business? Trotters Independent Trading
87%
What is the Uncle's famous line/quote to begin one of his stories? During the war
86%
How many series are there of Only Fools And Horses? 7
85%
What is the car salesman called? Boycie
83%
Who was the first guy to work behind the bar in the pub? Mike
82%
What 2 subjects did the younger brother gain a GCE in? Maths and Art
76%
Who created and wrote 'Only Fools And Horses'? John Sullivan
68%
No matching quizzes found
Score Distribution
Percent of People with Each Score
Percentile by Number Answered
Your Score History
You have not taken this quiz since the last reset